Loading...
CASES IN MARKETING MANAGEMENT
| Main Author: | |
|---|---|
| Format: | Printed Book |
| Published: |
NEW DELHI
SAGE PUBLICATION
2012
|
| Edition: | 1ST |
| Subjects: |
| LEADER | 00563nam a22001817a 4500 | ||
|---|---|---|---|
| 003 | OSt | ||
| 020 | |a 9788132110194 | ||
| 082 | |a 658.8 |b CLO/CA | ||
| 100 | |a KENNETH E CLOW , DONALD BAACK | ||
| 245 | |a CASES IN MARKETING MANAGEMENT | ||
| 250 | |a 1ST | ||
| 260 | |a NEW DELHI |b SAGE PUBLICATION |c 2012 | ||
| 300 | |a 519 | ||
| 650 | |a MARKET ANALISIS | ||
| 700 | |a KENNETH E CLOW , DONALD BAACK | ||
| 942 | |2 ddc |c BK | ||
| 999 | |c 189398 |d 189398 | ||
| 952 | |0 0 |1 0 |2 ddc |4 0 |6 658_800000000000000_CLO_CA |7 0 |9 195551 |a KAUCBV |b KAUCBV |d 2016-04-21 |g 0.00 |o 658.8 CLO/CA |r 2016-04-21 |w 2016-04-21 |y BK | ||